| 000 | 00476nam a2200181Ia 4500 | ||
|---|---|---|---|
| 003 | OSt | ||
| 005 | 20250108115840.0 | ||
| 008 | 210210b1952 xxu||||| |||| 00| 0 eng d | ||
| 040 | _cAL | ||
| 041 | _akan | ||
| 082 | _a859/2282 | ||
| 100 |
_aHOYISALA _9158790 _d ಹೊಯ್ಸಳ |
||
| 245 |
_aDeshave avara tayi _bದೇಶವೇ ಅವರ ತಾಯಿ |
||
| 260 |
_aMaisuru _bKavyalaya _c1952 |
||
| 690 |
_aKannada Fiction _9158791 |
||
| 906 | _a022996 | ||
| 942 |
_2ddc _cBK |
||
| 999 |
_c147829 _d147829 |
||